[Event "NAYCC U10"]
[Site "Kingston CAN"]
[Date "2019.08.20"]
[Round "9.33"]
[White "Yang, Andersen"]
[Black "Chinni, Rishabh"]
[Result "0-1"]
[WhiteElo "1499"]
[BlackElo "1324"]
[PlyCount "148"]
[EventDate "2019.08.16"]
[EventType "swiss"]
[EventRounds "9"]
[EventCountry "CAN"]

1. e4 e5 2. Nf3 Nc6 3. d4 exd4 4. Nxd4 Bc5 5. Be3 Qf6 6. Nb5 Bxe3 7. fxe3 Qe5
8. Nd2 Kd8 9. Nf3 Qxe4 10. Bd3 Qxe3+ 11. Be2 Nf6 12. Qd2 Qxd2+ 13. Nxd2 a6 14.
Nc3 d6 15. O-O-O Bf5 16. Nf3 Kd7 17. Rhe1 Rae8 18. Na4 b5 19. Nc5+ Kc8 20. Nxa6
b4 21. Bb5 Rxe1 22. Rxe1 Na7 23. Bc4 d5 24. Bb3 Nc6 25. Ba4 Kb7 26. Bxc6+ Kxa6
27. Nd4 Be4 28. g3 g5 29. c4 bxc3 30. bxc3 Kb6 31. c4 Kc5 32. Rd1 Kxc4 33. Nb3
Bd3 34. Bb7 Kc3 35. Bc6 Be2 36. Rd2 Bc4 37. Nd4 Ne4 38. Ne2+ Bxe2 39. Rxe2 Kd3
40. Rb2 Nc3 41. Rb3 Kc4 42. Kc2 Nxa2 43. Bb5+ Kc5 44. Kb2 Nb4 45. Ba4 Ra8 46.
Ka3 Nc2+ 47. Kb2 Rxa4 48. Kxc2 Rc4+ 49. Kd2 d4 50. Rb8 Rb4 51. Rh8 Rb2+ 52. Kd3
Rb3+ 53. Kd2 Kc4 54. Rxh7 Rb2+ 55. Kc1 Rf2 56. Rh6 f6 57. Rh7 c5 58. Ra7 Kb3
59. Rb7+ Kc3 60. Kd1 d3 61. Ke1 Rb2 62. Rxb2 Kxb2 63. Kd2 c4 64. h4 gxh4 65.
gxh4 c3+ 66. Kxd3 c2 67. h5 c1=Q 68. Ke4 Qg5 69. Kd3 Qxh5 70. Kd2 f5 71. Ke1 f4
72. Kf1 f3 73. Kg1 Qg4+ 74. Kh1 Qg2# 0-1

[Event "NAYCC U10"]
[Site "Kingston CAN"]
[Date "2019.08.20"]
[Round "9.34"]
[White "Wang, Andy Zixin"]
[Black "Jin, Harold"]
[Result "1-0"]
[WhiteElo "1482"]
[BlackElo "1188"]
[PlyCount "111"]
[EventDate "2019.08.16"]
[EventType "swiss"]
[EventRounds "9"]
[EventCountry "CAN"]

1. e4 c5 2. Nf3 d6 3. d4 cxd4 4. Nxd4 Nf6 5. Nc3 a6 6. f3 e5 7. Nb3 Be6 8. Be3
Be7 9. Be2 O-O 10. O-O Nc6 11. Nd5 Bxd5 12. exd5 Nb4 13. c4 a5 14. Qd2 b6 15.
a3 Na6 16. Nc1 Nc5 17. Bxc5 bxc5 18. Na2 Qb6 19. Nc3 Rfc8 20. Nb5 Ne8 21. Bd1
Nc7 22. Ba4 Nxb5 23. Bxb5 h6 24. g3 Kh8 25. Kg2 Kg8 26. b4 axb4 27. axb4 cxb4
28. Qxb4 Qc5 29. Qxc5 dxc5 30. Rfd1 Bd6 31. Kf2 Kf8 32. Ke3 Ke7 33. Rdb1 Rxa1
34. Rxa1 g5 35. Ra7+ Rc7 36. Ra8 f5 37. Rh8 Kf7 38. Rxh6 Ke7 39. Rg6 f4+ 40.
gxf4 gxf4+ 41. Ke4 Kf7 42. Rxd6 Ra7 43. Rd7+ Rxd7 44. Bxd7 Ke7 45. Kxe5 Kxd7
46. Kxf4 Ke7 47. Ke5 Kd7 48. h4 Ke7 49. h5 Kf7 50. d6 Ke8 51. h6 Kd7 52. h7 Kc6
53. h8=Q Kd7 54. Qg7+ Kd8 55. Qe7+ Kc8 56. Qc7# 1-0

[Event "NAYCC U10"]
[Site "Kingston CAN"]
[Date "2019.08.20"]
[Round "9.35"]
[White "Velasquez, Noah"]
[Black "Reyes, Isaac"]
[Result "0-1"]
[WhiteElo "1039"]
[BlackElo "1451"]
[PlyCount "128"]
[EventDate "2019.08.16"]
[EventType "swiss"]
[EventRounds "9"]
[EventCountry "CAN"]

1. e4 e6 2. d4 d5 3. exd5 exd5 4. Bd3 Nf6 5. Nf3 h6 6. Bf4 Bd6 7. Bxd6 Qxd6 8.
Qe2+ Be6 9. c3 Nbd7 10. Nbd2 c6 11. Ne5 O-O-O 12. O-O-O Rhe8 13. f4 Qc7 14. f5
Bxf5 15. Bxf5 g6 16. Bxd7+ Nxd7 17. Qf3 Nxe5 18. dxe5 Rxe5 19. Rde1 Rxe1+ 20.
Rxe1 Qxh2 21. g3 Qh3 22. Qxf7 Qxg3 23. Qe6+ Kb8 24. Qe5+ Qxe5 25. Rxe5 Rd6 26.
Nf3 Kc7 27. Nd4 Kd7 28. Kd2 Rf6 29. Ke3 Rd6 30. Kf4 Rf6+ 31. Kg4 Rf2 32. Re2
Rf6 33. Nc2 Kd6 34. Rh2 g5 35. Nd4 Rf4+ 36. Kg3 Rf6 37. Nf3 a6 38. Re2 Kc5 39.
b3 b5 40. Ne5 Kd6 41. Ng4 Rg6 42. Rf2 Ke6 43. Re2+ Kd6 44. Rh2 c5 45. Nxh6 Re6
46. Nf7+ Kc7 47. Kf2 Rf6+ 48. Ke3 Rxf7 49. Rh6 g4 50. Rg6 Rf3+ 51. Ke2 Rxc3 52.
Kd2 Rg3 53. Rxa6 Rg2+ 54. Ke1 g3 55. Kf1 Rf2+ 56. Kg1 Rc2 57. a4 b4 58. Rg6 Rc3
59. Rg5 Rxb3 60. Rxd5 Rc3 61. Rd2 b3 62. Rb2 Rc1+ 63. Kg2 Rc2+ 64. Kxg3 Rxb2
0-1

[Event "NAYCC U10"]
[Site "Kingston CAN"]
[Date "2019.08.20"]
[Round "9.36"]
[White "Huang, Winston"]
[Black "Williamson, Mobius"]
[Result "1-0"]
[WhiteElo "1220"]
[BlackElo "1420"]
[PlyCount "121"]
[EventDate "2019.08.16"]
[EventType "swiss"]
[EventRounds "9"]
[EventCountry "CAN"]

1. d4 d5 2. c4 c6 3. Nc3 e5 4. dxe5 d4 5. Ne4 Qa5+ 6. Bd2 Qxe5 7. Ng3 Nf6 8.
Nf3 Qd6 9. e3 dxe3 10. Bxe3 Qb4+ 11. Qd2 Qa4 12. a3 Bb4 13. Qxb4 Qxb4+ 14. axb4
a6 15. Rd1 O-O 16. Bd3 Bg4 17. h3 Be6 18. O-O Nbd7 19. c5 Nd5 20. Bd2 Rfe8 21.
Bc4 N7f6 22. Rfe1 Rad8 23. Bxd5 Nxd5 24. Bc3 h6 25. Nd4 Bd7 26. Ngf5 Bxf5 27.
Nxf5 Rxe1+ 28. Rxe1 Nxc3 29. bxc3 Rd3 30. Re3 Rd1+ 31. Kh2 Rd2 32. f3 Rd8 33.
Nd6 Rd7 34. Re8+ Kh7 35. Rb8 Re7 36. Rxb7 Re3 37. Rb6 Rxc3 38. Rxc6 Rb3 39.
Rxa6 Rxb4 40. c6 Rb8 41. c7 Rf8 42. Nxf7 Rc8 43. Ra7 Kg6 44. Nd6 Rf8 45. c8=Q
Rxc8 46. Nxc8 Kf6 47. Nd6 g6 48. g4 g5 49. Ne4+ Kg6 50. Ra6+ Kg7 51. Kg3 Kh7
52. Nxg5+ hxg5 53. h4 gxh4+ 54. Kxh4 Kg7 55. Kg5 Kf7 56. Kh6 Kg8 57. Ra7 Kf8
58. Kg6 Ke8 59. Kf6 Kd8 60. g5 Kc8 61. g6 1-0

[Event "NAYCC U10"]
[Site "Kingston CAN"]
[Date "2019.08.20"]
[Round "9.37"]
[White "Chen, Vincent"]
[Black "Zhang, Daniel"]
[Result "0-1"]
[WhiteElo "1368"]
[BlackElo "1267"]
[PlyCount "60"]
[EventDate "2019.08.16"]
[EventType "swiss"]
[EventRounds "9"]
[EventCountry "CAN"]

1. e4 e6 2. c4 c6 3. d4 d5 4. cxd5 cxd5 5. e5 Nc6 6. Nf3 Qb6 7. Bd3 Bd7 8. Bc2
Nge7 9. Nc3 Ng6 10. O-O Be7 11. Rb1 Nb4 12. Bb3 f6 13. a3 Nc6 14. Bc2 f5 15. b4
Rc8 16. Na4 Qc7 17. Nc5 b6 18. Nxd7 Qxd7 19. Ne1 O-O 20. f4 a5 21. b5 Nxd4 22.
Bd3 Bc5 23. Kh1 Qe7 24. Be3 Nb3 25. Bg1 Bxg1 26. Kxg1 Nc5 27. Bc2 Ne4 28. Bxe4
fxe4 29. Qd4 Nxf4 30. Qxb6 Ne2+ 0-1

[Event "NAYCC U10"]
[Site "Kingston CAN"]
[Date "2019.08.20"]
[Round "9.38"]
[White "Kvirikadze, Becka"]
[Black "Zuo, Roger"]
[Result "1/2-1/2"]
[WhiteElo "1340"]
[BlackElo "1034"]
[PlyCount "141"]
[EventDate "2019.08.16"]
[EventType "swiss"]
[EventRounds "9"]
[EventCountry "CAN"]

1. e4 e5 2. Nf3 Nc6 3. Bc4 Nf6 4. d4 exd4 5. O-O Be7 6. Re1 d6 7. Nxd4 Nxd4 8.
Qxd4 O-O 9. Nc3 c6 10. Bf4 Be6 11. Rad1 a6 12. Bxe6 fxe6 13. Bxd6 Bxd6 14. Qxd6
Qb6 15. Qxe6+ Kh8 16. Qb3 Qa7 17. e5 Ng4 18. Ne4 Nxf2 19. Nxf2 Rxf2 20. Kh1 Re8
21. e6 Qb8 22. Rd7 Qf4 23. Qd3 Qg5 24. Qg3 Qf6 25. Qd3 Qg5 26. Qh3 Qe5 27. Rg1
Re2 28. Rxb7 Re1 29. Qg3 Qxg3 30. hxg3 R1xe6 31. Rf1 Re2 32. Rbf7 Kg8 33. R7f2
Rxf2 34. Rxf2 Re1+ 35. Kh2 Ra1 36. a3 Ra2 37. c3 h6 38. Kh3 Kh7 39. Kg4 Kg6 40.
Kf4 Kf6 41. Ke4+ Ke6 42. Kd4 Kd6 43. Kc4 Ra1 44. b4 Rxa3 45. Rf7 Ra1 46. Rxg7
Rg1 47. Rg6+ Kc7 48. Rxh6 Rxg2 49. Rh7+ Kd6 50. Ra7 Rxg3 51. Rxa6 Rg4+ 52. Kb3
Rg5 53. Ra5 Rg3 54. Ra3 Rh3 55. Ka4 Kc7 56. c4 Rh4 57. c5 Kb7 58. Ka5 Rh5 59.
Rg3 Kc7 60. Rg7+ Kd8 61. Kb6 Rh4 62. Kxc6 Rxb4 63. Kd5 Rh4 64. Rg8+ Kd7 65. c6+
Kc7 66. Rg7+ Kc8 67. Re7 Rh5+ 68. Re5 Rxe5+ 69. Kxe5 Kc7 70. Kd5 Kc8 71. Kd6
1/2-1/2

[Event "NAYCC U10"]
[Site "Kingston CAN"]
[Date "2019.08.20"]
[Round "9.39"]
[White "Qian, Eric"]
[Black "Kurup, Siddharth"]
[Result "1-0"]
[WhiteElo "1152"]
[BlackElo "1434"]
[PlyCount "73"]
[EventDate "2019.08.16"]
[EventType "swiss"]
[EventRounds "9"]
[EventCountry "CAN"]

1. e4 e6 2. d4 b6 3. Nf3 Bb7 4. Bd3 d6 5. O-O Nd7 6. Nc3 Ngf6 7. Bg5 Be7 8. Qd2
a6 9. Rad1 b5 10. a3 c5 11. Rfe1 cxd4 12. Nxd4 Nc5 13. Kh1 Qb6 14. f3 Na4 15.
Nxa4 bxa4 16. c3 O-O 17. Be3 Qc7 18. Qc2 Qd7 19. Ne2 e5 20. Bc4 Qc6 21. Ba2
Rfd8 22. Nc1 Qb5 23. Nd3 d5 24. Nxe5 dxe4 25. Rxd8+ Bxd8 26. Nxf7 Kf8 27. Nd6
Qc6 28. Nxb7 Qxb7 29. Bc5+ Be7 30. Bxe7+ Kxe7 31. fxe4 Rd8 32. h3 Qb6 33. e5
Nh5 34. Qxh7 Ng3+ 35. Kh2 Qxb2 36. Qxg7+ Ke8 37. Qf7# 1-0

[Event "NAYCC U10"]
[Site "Kingston CAN"]
[Date "2019.08.20"]
[Round "9.40"]
[White "Mane, Arnav"]
[Black "Garcia, Maximiliano"]
[Result "1/2-1/2"]
[WhiteElo "1168"]
[BlackElo "1391"]
[PlyCount "43"]
[EventDate "2019.08.16"]
[EventType "swiss"]
[EventRounds "9"]
[EventCountry "CAN"]

1. e4 g6 2. d4 Bg7 3. Nf3 d6 4. Nc3 Nf6 5. Bd3 O-O 6. O-O c5 7. Be3 Nc6 8. d5
Nb8 9. Qd2 Ng4 10. Bf4 Nd7 11. h3 Nge5 12. Nxe5 Nxe5 13. Bh6 Bxh3 14. Bxg7 Kxg7
15. f4 Nxd3 16. Qxd3 Bd7 17. f5 Qb6 18. Qf3 c4+ 19. Kh1 Qd4 20. Rad1 Qe5 21.
Qf4 Qxf4 22. Rxf4 1/2-1/2

[Event "NAYCC U10"]
[Site "Kingston CAN"]
[Date "2019.08.20"]
[Round "9.41"]
[White "Cacciatore, Luc"]
[Black "Huang, Ivan"]
[Result "0-1"]
[WhiteElo "1298"]
[BlackElo "1138"]
[PlyCount "146"]
[EventDate "2019.08.16"]
[EventType "swiss"]
[EventRounds "9"]
[EventCountry "CAN"]

1. d4 d5 2. Bf4 Nf6 3. e3 Bf5 4. Bd3 Bg6 5. Nd2 e6 6. Ngf3 Nbd7 7. O-O Bd6 8.
Bg3 O-O 9. Bxg6 fxg6 10. Bxd6 cxd6 11. c4 Rc8 12. cxd5 Nxd5 13. e4 Nf4 14. Qb3
Qb6 15. Qxb6 Nxb6 16. g3 Nd3 17. b3 Rc2 18. Kg2 e5 19. dxe5 dxe5 20. Nb1 Re8
21. Na3 Re2 22. Ne1 Nc5 23. Nb5 Nxe4 24. Nxa7 Nd2 25. Rg1 Rf8 26. Nd3 Rf3 27.
Rae1 Rxe1 28. Rxe1 Rxd3 29. Nb5 e4 30. Nc7 Nd5 31. Ne6 b6 32. Ng5 Nc3 33. Re3
Rxe3 34. fxe3 Nxa2 35. Kf2 h6 36. Ne6 Nxb3 37. Nc7 Nc3 38. Na6 Nc1 39. Nb4 Nd3+
40. Nxd3 exd3 41. Ke1 b5 42. Kd2 Nd5 43. Kxd3 Kf7 44. e4 Ke6 45. Kd4 Nf6 46. e5
Ng4 47. h3 Nxe5 48. Kc5 Kf5 49. Kxb5 Nf3 50. Kc4 Ke4 51. Kc3 g5 52. Kc2 Ke3 53.
Kd1 Kf2 54. g4 Ng1 55. Kd2 Nxh3 56. Kd3 Kf3 57. Kd2 Kxg4 58. Ke2 Kg3 59. Kf1
Kh2 60. Ke2 g4 61. Ke3 g3 62. Ke4 g2 63. Ke5 g1=Q 64. Ke6 Qc5 65. Kf7 Kg3 66.
Kg6 Qg5+ 67. Kh7 g6 68. Kg7 Kf4 69. Kh7 Kf5 70. Kg7 Qf6+ 71. Kg8 Qe7 72. Kh8
Kf6 73. Kg8 Qg7# 0-1

[Event "NAYCC U10"]
[Site "Kingston CAN"]
[Date "2019.08.20"]
[Round "9.42"]
[White "Zhang, Kevin"]
[Black "Chen, Ricky"]
[Result "1/2-1/2"]
[WhiteElo "1185"]
[BlackElo "954"]
[PlyCount "128"]
[EventDate "2019.08.16"]
[EventType "swiss"]
[EventRounds "9"]
[EventCountry "CAN"]

1. d4 d5 2. c4 e6 3. Nc3 Nf6 4. Bg5 h6 5. Bf4 Bb4 6. a3 Bxc3+ 7. bxc3 O-O 8.
Nf3 Nc6 9. h3 Ne4 10. Qc2 Qf6 11. Bxc7 Qe7 12. Bh2 Na5 13. cxd5 exd5 14. e3 Bf5
15. Bd3 Nc4 16. O-O Nxa3 17. Qe2 Nxc3 18. Qd2 Bxd3 19. Qxd3 Ncb5 20. Ne1 Nc4
21. Nc2 Qe4 22. Nb4 Qxd3 23. Nxd3 a5 24. Rfb1 Nc3 25. Rxb7 a4 26. Nb2 Rfc8 27.
Nxc4 Rxc4 28. Rb8+ Rc8 29. Rxc8+ Rxc8 30. Bd6 Rc6 31. Bb4 Ne2+ 32. Kf1 Rc1+ 33.
Rxc1 Nxc1 34. Ba3 Nb3 35. Ke2 Na5 36. Kd3 Nc4 37. Bc1 a3 38. Kc3 a2 39. Bb2 Kh7
40. Kb3 Nxb2 41. Kxb2 Kg6 42. Kxa2 Kf5 43. Kb2 Ke4 44. Kc3 f5 45. Kd2 f4 46.
f3+ Kf5 47. Ke2 g5 48. Kd3 h5 49. e4+ dxe4+ 50. fxe4+ Ke6 51. Kc4 g4 52. hxg4
f3 53. gxf3 h4 54. d5+ Kd6 55. e5+ Kxe5 56. f4+ Kxf4 57. d6 h3 58. d7 h2 59.
d8=Q h1=Q 60. Qf8+ Kxg4 61. Qg7+ Kf4 62. Qf6+ Ke3 63. Qe5+ Qe4+ 64. Qxe4+ Kxe4
1/2-1/2

[Event "NAYCC U10"]
[Site "Kingston CAN"]
[Date "2019.08.20"]
[Round "9.43"]
[White "Su, Leo"]
[Black "Zhang, Arthur"]
[Result "0-1"]
[WhiteElo "915"]
[BlackElo "1703"]
[PlyCount "54"]
[EventDate "2019.08.16"]
[EventType "swiss"]
[EventRounds "9"]
[EventCountry "CAN"]

1. e4 e5 2. Nf3 Nc6 3. Bc4 Bc5 4. O-O Nf6 5. d4 Bxd4 6. Nxd4 Nxd4 7. Nc3 O-O 8.
Bg5 h6 9. Bh4 c6 10. Ne2 Nxe2+ 11. Qxe2 d6 12. Qf3 Be6 13. Bxf6 Qxf6 14. Qxf6
gxf6 15. Bd3 Rac8 16. Rfe1 d5 17. exd5 cxd5 18. c3 e4 19. Bc2 b5 20. a3 f5 21.
Re3 d4 22. Rg3+ Kh8 23. Rh3 d3 24. Bd1 Kh7 25. f3 e3 26. f4 e2 27. Rxd3 e1=Q#
0-1

[Event "NAYCC U10"]
[Site "Kingston CAN"]
[Date "2019.08.20"]
[Round "9.44"]
[White "Luan, Jacky"]
[Black "Murali, Dhruv"]
[Result "1-0"]
[WhiteElo "594"]
[BlackElo "972"]
[PlyCount "93"]
[EventDate "2019.08.16"]
[EventType "swiss"]
[EventRounds "9"]
[EventCountry "CAN"]

1. e4 e5 2. Nf3 Nc6 3. Bc4 Bc5 4. Ng5 Qxg5 5. d4 Qxg2 6. Rf1 Bxd4 7. c3 Bc5 8.
Qd5 Qg6 9. Qxc5 Qd6 10. Qe3 Qh6 11. Qxh6 Nxh6 12. Rg1 Nd8 13. Rxg7 Ng8 14. Bg5
Kf8 15. Rxg8+ Kxg8 16. Bxd8 Kf8 17. Bf6 Rg8 18. Bxe5 d6 19. Bg3 b6 20. Bd5 Rb8
21. Na3 a6 22. O-O-O Bb7 23. c4 c6 24. Bxd6+ Kg7 25. Be5+ Kh6 26. Bxf7 Rgf8 27.
Bxb8 Rxb8 28. Rd6+ Kg7 29. Bh5 a5 30. Nc2 Ba8 31. Nd4 Kf8 32. Nxc6 Bxc6 33.
Rxc6 Kg7 34. f4 Rf8 35. f5 Rf6 36. Rxf6 Kxf6 37. Kd2 Ke5 38. Kc3 Kf6 39. Kd4 h6
40. Kd5 b5 41. cxb5 a4 42. b6 a3 43. b3 Kg5 44. b7 Kxh5 45. b8=Q Kh4 46. Qg8
Kh5 47. h3 1-0

[Event "NAYCC U10"]
[Site "Kingston CAN"]
[Date "2019.08.20"]
[Round "9.45"]
[White "Odrcich, Eric"]
[Black "Luo, Albert"]
[Result "0-1"]
[WhiteElo "564"]
[BlackElo "950"]
[PlyCount "110"]
[EventDate "2019.08.16"]
[EventType "swiss"]
[EventRounds "9"]
[EventCountry "CAN"]

1. e4 e5 2. Nf3 Nc6 3. Nc3 Bc5 4. Nxe5 Nxe5 5. d4 Bd6 6. dxe5 Bxe5 7. Be2 c6 8.
O-O Qc7 9. f4 Qb6+ 10. Kh1 Bxc3 11. bxc3 Nf6 12. e5 Nd5 13. c4 Ne3 14. Bxe3
Qxe3 15. Rf3 Qc5 16. Rg3 g6 17. Qd2 h6 18. Rd1 h5 19. e6 fxe6 20. Rxg6 Qf5 21.
Rg5 Qf7 22. Qc3 Rh6 23. Rf1 b6 24. f5 Bb7 25. fxe6 Qxe6 26. Re1 O-O-O 27. Bxh5
Qd6 28. Rd1 Qc7 29. Re1 Rdh8 30. h3 Ba6 31. Qf3 Bxc4 32. Ra1 Bd5 33. Qc3 Rxh5
34. Rxh5 Rxh5 35. Rf1 Qd6 36. Rf6 Rxh3+ 37. Qxh3 Qxf6 38. Qe3 Qf1+ 39. Qg1
Bxg2+ 40. Kh2 Qxg1+ 41. Kxg1 Be4 42. c3 Kb7 43. Kf2 Ka6 44. Ke3 d5 45. Kd2 Kb5
46. Kc1 Kc4 47. Kb2 a5 48. a3 b5 49. Ka2 Kxc3 50. a4 bxa4 51. Ka1 d4 52. Ka2 d3
53. Ka1 d2 54. Ka2 d1=R 55. Ka3 Ra1# 0-1

[Event "NAYCC U10"]
[Site "Kingston CAN"]
[Date "2019.08.20"]
[Round "9.46"]
[White "Qiu, Max"]
[Black "Liu, Henry"]
[Result "1-0"]
[WhiteElo "888"]
[BlackElo "797"]
[PlyCount "163"]
[EventDate "2019.08.16"]
[EventType "swiss"]
[EventRounds "9"]
[EventCountry "CAN"]

1. c4 e5 2. Nc3 Nf6 3. g3 g6 4. Bg2 Bg7 5. e3 O-O 6. Nge2 c5 7. O-O Nc6 8. a3
d6 9. Bxc6 bxc6 10. b3 Bh3 11. Re1 Qd7 12. Qc2 Rfe8 13. Bb2 Qf5 14. Qxf5 Bxf5
15. d4 cxd4 16. exd4 e4 17. Nf4 g5 18. Ng2 d5 19. Rad1 Bg4 20. Rd2 Bf3 21. h3
Bxg2 22. Kxg2 dxc4 23. bxc4 g4 24. h4 Bh6 25. Rde2 Nd7 26. Rxe4 Rxe4 27. Rxe4
f5 28. Re6 Bg7 29. Rxc6 Bxd4 30. Rd6 Bxc3 31. Bxc3 Nb6 32. c5 Rc8 33. Bb4 Nc4
34. Rd7 a5 35. Bc3 Rxc5 36. Rg7+ Kf8 37. a4 Ne5 38. Bxe5 Rxe5 39. Rxh7 Re4 40.
h5 Rxa4 41. h6 Kg8 42. Rg7+ Kh8 43. Ra7 Rb4 44. Rxa5 f4 45. Rg5 f3+ 46. Kg1
Rb1+ 47. Kh2 Rb4 48. Rf5 Kh7 49. Rf4 Rxf4 50. gxf4 Kxh6 51. Kg3 Kh5 52. f5 Kg5
53. f6 Kxf6 54. Kxg4 Ke5 55. Kxf3 Kf5 56. Kg3 Kg5 57. f3 Kf5 58. Kh3 Kf4 59.
Kg2 Kf5 60. Kg3 Kg5 61. Kh3 Kf4 62. Kg2 Kf5 63. Kf2 Ke5 64. Kg2 Kf4 65. Kf2 Ke5
66. Kg3 Kf5 67. f4 Ke6 68. Kg4 Kf6 69. f5 Kg7 70. Kg5 Kf7 71. f6 Kf8 72. Kg6
Kg8 73. Kh5 Kf7 74. Kg5 Kg8 75. Kg6 Kf8 76. f7 Ke7 77. Kg7 Ke6 78. f8=Q Kd7 79.
Qf7+ Kd8 80. Kf6 Kc8 81. Qe7 Kb8 82. Qd7 1-0

[Event "NAYCC U10"]
[Site "Kingston CAN"]
[Date "2019.08.20"]
[Round "9.47"]
[White "Villegas, Howard"]
[Black "Wang, Leo"]
[Result "1/2-1/2"]
[WhiteElo "724"]
[BlackElo "1040"]
[PlyCount "122"]
[EventDate "2019.08.16"]
[EventType "swiss"]
[EventRounds "9"]
[EventCountry "CAN"]

1. e4 e5 2. Nf3 Nc6 3. Bc4 Nf6 4. Ng5 d5 5. exd5 Nxd5 6. Nxf7 Kxf7 7. Qf3+ Ke8
8. Bxd5 Qd7 9. Bxc6 Qxc6 10. Qh5+ g6 11. Qxe5+ Qe6 12. Qxe6+ Bxe6 13. Nc3 Kd7
14. d3 Re8 15. Be3 a6 16. O-O Bg7 17. d4 Kc8 18. Rad1 c6 19. d5 cxd5 20. Nxd5
Bxd5 21. Rxd5 Bxb2 22. Rc5+ Kb8 23. Bf4+ Ka8 24. Rb1 Rhf8 25. Be3 Rd8 26. g3
Bg7 27. Rc7 Rg8 28. Rcxb7 Rd1+ 29. Kg2 Rxb1 30. Rxb1 Rc8 31. Rb6 Rc7 32. Rxa6+
Kb7 33. Rb6+ Kc8 34. a4 Rxc2 35. a5 Ra2 36. a6 Be5 37. a7 Rxa7 38. Rxg6 hxg6
39. Bxa7 Kd7 40. f4 Bg7 41. g4 Ke6 42. h4 Bh6 43. Kf3 Kf7 44. g5 Bg7 45. Kg4
Ke6 46. h5 gxh5+ 47. Kxh5 Kf5 48. Bb8 Bf8 49. g6 Kf6 50. Be5+ Kf5 51. Bc7 Kf6
52. Bd8+ Kf5 53. Bg5 Bg7 54. Bh6 Bf6 55. Bf8 Kxf4 56. Kh6 Kf5 57. Bg7 Be7 58.
Kh7 Ke6 59. Kg8 Kf5 60. Kf7 Bg5 61. Bf6 Bxf6 1/2-1/2

[Event "NAYCC U10"]
[Site "Kingston CAN"]
[Date "2019.08.20"]
[Round "9.48"]
[White "Komolafe, Joshua"]
[Black "Huang, Ryan"]
[Result "0-1"]
[WhiteElo "1050"]
[BlackElo "773"]
[PlyCount "56"]
[EventDate "2019.08.16"]
[EventType "swiss"]
[EventRounds "9"]
[EventCountry "CAN"]

1. e4 c5 2. Nc3 Nf6 3. Bc4 g6 4. Nf3 Bg7 5. O-O O-O 6. b3 d5 7. exd5 Bg4 8. Qe1
Bxf3 9. Qe3 Bxd5 10. Nxd5 Nxd5 11. Bxd5 Bxa1 12. Bxb7 Qd7 13. Bxa8 Nc6 14. Bxc6
Qxc6 15. d3 Bd4 16. Qh6 Rd8 17. Re1 Qf6 18. c3 Bxf2+ 19. Kh1 Bxe1 20. h3 Bg3
21. Be3 Qf1+ 22. Bg1 Rxd3 23. a4 Rd1 24. Qe3 Bf2 25. Qxf2 Qxf2 26. Kh2 Qe2 27.
b4 Rd2 28. bxc5 Qxg2# 0-1

[Event "NAYCC U10"]
[Site "Kingston CAN"]
[Date "2019.08.20"]
[Round "9.49"]
[White "White, Max"]
[Black "Beechener, Alexander"]
[Result "1-0"]
[WhiteElo "1063"]
[BlackElo "497"]
[PlyCount "28"]
[EventDate "2019.08.16"]
[EventType "swiss"]
[EventRounds "9"]
[EventCountry "CAN"]

1. e4 d5 2. exd5 Qxd5 3. Nf3 Bg4 4. Nc3 Qe6+ 5. Be2 Nc6 6. O-O O-O-O 7. Ng5 Qf5
8. Bxg4 e6 9. Bxf5 exf5 10. Nxf7 Re8 11. Nxh8 Bc5 12. Re1 Rf8 13. Qe2 Rf6 14.
Qe8+ Nd8 1-0

[Event "NAYCC U10 w"]
[Site "Kingston CAN"]
[Date "2019.08.16"]
[Round "1.50"]
[White "Dahale, Siddhi"]
[Black "Wu, Abbie"]
[Result "0-1"]
[WhiteElo "1137"]
[BlackElo "1623"]
[PlyCount "156"]
[EventDate "2019.08.16"]
[EventType "swiss"]
[EventRounds "9"]
[EventCountry "CAN"]

1. d4 Nf6 2. c4 e6 3. Nf3 d5 4. Nc3 Be7 5. Bf4 O-O 6. e3 b6 7. Bd3 dxc4 8. Bxc4
Bb7 9. O-O a6 10. Bd3 Nbd7 11. Qc2 Rc8 12. e4 h6 13. e5 Nh5 14. Be4 Bxe4 15.
Qxe4 Nxf4 16. Qxf4 b5 17. a3 Nb6 18. Rfd1 Nd5 19. Nxd5 Qxd5 20. Re1 c5 21. Qe4
Qxe4 22. Rxe4 cxd4 23. Rxd4 Rc2 24. Rd2 Rfc8 25. b4 Rc1+ 26. Rd1 Rxa1 27. Rxa1
Rc3 28. Kf1 f6 29. exf6 Bxf6 30. Nd2 Rd3 31. Ra2 Kf7 32. Ke2 Rd7 33. Ne4 Rc7
34. Nc5 a5 35. Ne4 axb4 36. axb4 Be7 37. Ra5 Rc4 38. Kd3 Rxb4 39. Nc3 Rf4 40.
f3 b4 41. Ne2 Rh4 42. h3 b3 43. f4 Bf6 44. Ra4 Rh5 45. Rb4 Rd5+ 46. Ke3 b2 47.
h4 Rd1 48. Rxb2 Bxb2 49. g4 Rh1 50. h5 Rh3+ 51. Kf2 Rh2+ 52. Ke3 Rxe2+ 53. Kxe2
e5 54. fxe5 Bxe5 55. Ke3 Kf6 56. Ke4 Bc7 57. Kf3 Kg5 58. Ke4 Kxg4 59. Ke3 Kxh5
60. Kf3 g5 61. Kg2 g4 62. Kh1 Kh4 63. Kg1 Kh3 64. Kh1 g3 65. Kg1 g2 66. Kf2 Kh2
67. Ke3 g1=Q+ 68. Kf3 Qg5 69. Ke4 Kg3 70. Kd4 Qe5+ 71. Kc4 Bb6 72. Kd3 Qd4+ 73.
Ke2 Qe3+ 74. Kd1 Qf2 75. Kc1 Bd4 76. Kd1 Bc3 77. Kc1 Qd2+ 78. Kb1 Qb2# 0-1

[Event "NAYCC U10 w"]
[Site "Kingston CAN"]
[Date "2019.08.16"]
[Round "1.51"]
[White "Morden, Rose"]
[Black "Zhou, Ariel"]
[Result "1-0"]
[WhiteElo "1518"]
[BlackElo "1080"]
[PlyCount "141"]
[EventDate "2019.08.16"]
[EventType "swiss"]
[EventRounds "9"]
[EventCountry "CAN"]

1. d4 d5 2. Nf3 Nf6 3. e3 Bg4 4. Be2 e6 5. b3 Bd6 6. Bb2 O-O 7. O-O Nc6 8. Ne5
Bxe2 9. Qxe2 Bxe5 10. dxe5 Ne4 11. Nd2 Nxd2 12. Qxd2 Qe7 13. Qe2 Rad8 14. Rfd1
Qc5 15. a4 Qb6 16. Qb5 Qxb5 17. axb5 Ne7 18. Rxa7 Rb8 19. Ba3 Rfe8 20. Bxe7
Rxe7 21. c4 Rd7 22. e4 d4 23. Rd3 b6 24. Kf1 Rbd8 25. b4 g6 26. c5 Kg7 27. Rb7
bxc5 28. bxc5 f6 29. exf6+ Kxf6 30. f4 e5 31. b6 cxb6 32. Rxb6+ Kf7 33. fxe5
Rc7 34. c6 Ke6 35. Rb7 Rxc6 36. Rxh7 Kxe5 37. Re7+ Re6 38. Rxe6+ Kxe6 39. Ke2
Kf6 40. Rg3 Ke5 41. Kd3 Kf6 42. h4 Rd6 43. Rg5 Rd7 44. Rd5 Rxd5 45. exd5 Ke5
46. d6 Kxd6 47. Kxd4 Ke6 48. Ke4 Kf6 49. Kf4 Kg7 50. Kg5 Kh7 51. h5 gxh5 52.
Kxh5 Kg7 53. Kg5 Kf7 54. g3 Kg7 55. g4 Kf7 56. Kh6 Kf6 57. g5+ Kf7 58. Kh7 Kf8
59. g6 Ke7 60. g7 Ke6 61. g8=Q+ Ke5 62. Qc4 Kf5 63. Qd4 Ke6 64. Qc5 Kd7 65. Qb6
Ke7 66. Qc6 Kf7 67. Qd6 Ke8 68. Qc7 Kf8 69. Kg6 Ke8 70. Kf6 Kf8 71. Qc8# 1-0

[Event "NAYCC U10 w"]
[Site "Kingston CAN"]
[Date "2019.08.16"]
[Round "1.52"]
[White "Ran, Alice"]
[Black "Qu, Greta"]
[Result "0-1"]
[WhiteElo "985"]
[BlackElo "1427"]
[PlyCount "128"]
[EventDate "2019.08.16"]
[EventType "swiss"]
[EventRounds "9"]
[EventCountry "CAN"]

1. e4 c5 2. Nc3 Nc6 3. f4 e6 4. Nf3 a6 5. Be2 d5 6. e5 Nge7 7. O-O Nf5 8. d3
Be7 9. a3 Ncd4 10. Nxd4 Nxd4 11. Bg4 O-O 12. Be3 Nc6 13. Bd2 b5 14. Qe1 Nd4 15.
Rc1 Qb6 16. Be3 Nc6 17. Bf2 a5 18. Qd2 Qb7 19. Rfe1 a4 20. Ra1 Bd7 21. Ne2 b4
22. axb4 cxb4 23. b3 a3 24. c3 bxc3 25. Nxc3 d4 26. Na2 Qxb3 27. Reb1 Qa4 28.
Bd1 Qa6 29. Bf3 Qa4 30. Bxc6 Bxc6 31. Nb4 Rfd8 32. Nxc6 Qxc6 33. Rc1 Qa6 34.
Rc4 Qa7 35. Qc2 Bf8 36. Kh1 Rd5 37. Rc7 Qa5 38. Be1 Qa4 39. Qc1 Qb3 40. Qd2 Rb8
41. Qc1 Qxd3 42. Bf2 Rb2 43. Rc8 Rxf2 44. Rxf8+ Kxf8 45. Qc8+ Ke7 46. Qc7+ Rd7
47. Qc5+ Ke8 48. Qc8+ Rd8 49. Qc6+ Kf8 50. Qc5+ Kg8 51. h3 Rf1+ 52. Rxf1 Qxf1+
53. Kh2 Qxf4+ 54. Kh1 Qf1+ 55. Kh2 a2 56. Qa5 Rf8 57. Qxa2 d3 58. Qd2 Qe2 59.
Qb4 d2 60. Qb3 Qxe5+ 61. Kg1 Qe1+ 62. Kh2 d1=Q 63. Qb2 Qd6+ 64. g3 Qdxg3# 0-1

[Event "NAYCC U10 w"]
[Site "Kingston CAN"]
[Date "2019.08.16"]
[Round "1.53"]
[White "Prakash, Nandini"]
[Black "Chen, Alina"]
[Result "1-0"]
[WhiteElo "1416"]
[BlackElo "964"]
[PlyCount "37"]
[EventDate "2019.08.16"]
[EventType "swiss"]
[EventRounds "9"]
[EventCountry "CAN"]

1. d4 d5 2. Bf4 e6 3. Nf3 Nf6 4. e3 c5 5. c3 Nc6 6. Nbd2 Be7 7. Bd3 O-O 8. Ne5
Bd7 9. h4 Qb6 10. Qc2 h6 11. g4 Rfd8 12. g5 Nh5 13. gxh6 g6 14. Bxg6 Nf6 15.
Bxf7+ Kh8 16. Ng6+ Kh7 17. Nf8+ Kh8 18. Qh7+ Nxh7 19. Ng6# 1-0